Garančný fond a všetko čo s ním súvisí
Na zmiernenie nepriaznivého dopadu platobnej neschopnosti zamestnávateľov na svojich zamestnancov prijatím zákona č. 292/1999 Z.z., ktorým sa dopĺňa zákon o zamestnanosti č. 387/1996 Z.z. zriadil štát garančný fond (GF), ktorý je určený na uspokojenie nárokov z pracovného pomeru vo forme peňažnej ná...
Uložené v:
| Hlavný autor: | |
|---|---|
| Médium: | Kapitola |
| Jazyk: | Slovak |
| Predmet: | |
| Tagy: |
Žiadne tagy, Buďte prvý, kto otaguje tento záznam!
|
MARC
| LEADER | 00000naa a2200000 4500 | ||
|---|---|---|---|
| 001 | r038904 | ||
| 005 | 20231003083833.9 | ||
| 041 | 0 | |a slo | |
| 044 | |a SK | ||
| 245 | 1 | 0 | |a Garančný fond a všetko čo s ním súvisí |c Angela Michňová |
| 520 | |a Na zmiernenie nepriaznivého dopadu platobnej neschopnosti zamestnávateľov na svojich zamestnancov prijatím zákona č. 292/1999 Z.z., ktorým sa dopĺňa zákon o zamestnanosti č. 387/1996 Z.z. zriadil štát garančný fond (GF), ktorý je určený na uspokojenie nárokov z pracovného pomeru vo forme peňažnej náhrady. Charakteristika a využitie garančného fondu. Povinnosti zamestnávateľa z titulu prijatých nových právnych noriem. Povinnosti zamestnanca. Postup okresných úradov práce pri uspokojovaní nárokov z garančného fondu. Vzor prihlášky/odhlášky odvádzateľa príspevku na poistenie v nezamestnanosti do GF. | ||
| 610 | 2 | 0 | |a fond garančný |
| 610 | 2 | 0 | |a normy právne |
| 610 | 2 | 0 | |a povinnosti pracovníkov |
| 610 | 2 | 0 | |a povinnosti zamestnávateľov |
| 610 | 2 | 0 | |a úrady práce |
| 610 | 2 | 0 | |a insolventnosť |
| 610 | 2 | 0 | |a zamestnávatelia |
| 610 | 2 | 0 | |a poistenie v nezamestnanosti |
| 100 | 1 | |a Michňová, Angela | |